Propuesta de un sistema de gestión del conocimiento en la Unidad de Bases de Datos perteneciente a la División de Informática y Sistemas (DIS), de la Dirección General de Ingreso (DGI)
Presenta una Propuesta de un sistema de gestión del conocimiento en la Unidad de Bases de Datos perteneciente a la División de Informática y Sistemas (DIS), de la Dirección General de Ingreso (DGI. En el cual surge la necesidad de mejorar cómo se gestiona el conocimiento en la Unidad de Bases d...
| Main Author: | |
|---|---|
| Other Authors: | |
| Format: | Tesis Section = Libro |
| Language: | Undetermined Spanish |
| Published: |
Managua
UNI
2017
|
| Subjects: |
| LEADER | 01506nam a2200289Ia 4500 | ||
|---|---|---|---|
| 008 | 240830s9999 xx 000 0 und d | ||
| 040 | |a BIBLIOTECA-RUSB/ M.Mon 004.21 P436 | ||
| 041 | |a spa | ||
| 082 | |a M.Mon 004.21 P436 | ||
| 100 | 1 | |a Pereira Mejía, Néstor William | |
| 245 | 1 | 0 | |a Propuesta de un sistema de gestión del conocimiento en la Unidad de Bases de Datos perteneciente a la División de Informática y Sistemas (DIS), de la Dirección General de Ingreso (DGI) |
| 260 | |a Managua |b UNI |c 2017 | ||
| 300 | |a 94 p. :il. | ||
| 500 | |a Contiene: anexos e Incluye: CD. | ||
| 502 | |a Tesis (Máster en Informática Empresarial) - UNI, 2017. | ||
| 520 | 3 | |a Presenta una Propuesta de un sistema de gestión del conocimiento en la Unidad de Bases de Datos perteneciente a la División de Informática y Sistemas (DIS), de la Dirección General de Ingreso (DGI. En el cual surge la necesidad de mejorar cómo se gestiona el conocimiento en la Unidad de Bases de Datos de la DGI teniendo como apoyo de las tecnologías de la información, un sistema de gestión del conocimiento que permita mejorar la productividad. | |
| 650 | 7 | |a BASES DE DATOS | |
| 650 | 7 | |b ADMINISTRACIÓN DE BASES DE DATOS | |
| 650 | 7 | |c SISTEMAS OPERATIVOS | |
| 650 | 7 | |d GESTION DE LA INFORMACION | |
| 650 | 7 | |e GESTION DEL CONOCIMIENTO | |
| 650 | 7 | |f ADMINISTRACION TRIBUTARIA | |
| 650 | 7 | |g INTERNET | |
| 700 | 1 | |a Tutor: |b Herrera Treminio, Walger José | |
| 942 | |c BK |2 ddc | ||
| 991 | |a TESIS | ||
| 999 | |c 19217 | ||